Los impuestos análogos pagados en el exterior conforme las distintas alternativas para invertir fuera del país (Registro nro. 35217)

Detalles MARC
000 -LEADER
fixed length control field 00384 a2200109 4500
001 - CONTROL NUMBER
control field ART_51947
005 - DATE AND TIME OF LATEST TRANSACTION
control field 20260410162045.0
008 - FIXED-LENGTH DATA ELEMENTS--GENERAL INFORMATION
fixed length control field 260409a
100 1# - MAIN ENTRY--PERSONAL NAME
Personal name Mastandrea, Alberto F.
245 10 - TITLE STATEMENT
Title Los impuestos análogos pagados en el exterior conforme las distintas alternativas para invertir fuera del país
773 0# - HOST ITEM ENTRY
Title Impuestos
Related parts - N°81 (ago. 2020)
Record control number REV45175

No hay ítems disponibles.